History Quiz

Random History or Year Quiz

In Memoriam: 2009 Quiz Stats

 Plays Quiz Updated Sep 26, 2018

Also try: In Memoriam: 2010
Challenge
Share
Tweet
Score 0/42 Timer 12:00
5 Plays Today
% Correct
Michael Jackson
99.3%
Patrick Swayze
69.9%
Farrah Fawcett
66.7%
Edward M. Kennedy
61.1%
Brittany Murphy
56.1%
Billy Mays
51.3%
Bea Arthur
46.4%
Ed McMahon
45.3%
David Carradine
36.5%
Steve McNair
33.3%
Chris Henry
31.4%
Dom Deluise
28.2%
Natasha Richardson
27.7%
Walter Cronkite
25.9%
Ricardo Montalbán
21.7%
Les Paul
18.4%
Karl Malden
18.2%
Eunice Kennedy Shriver
14.8%
Soupy Sales
14.6%
DJ AM
13%
John Hughes
12.8%
% Correct
Captain Lou Albano
12.8%
Ron Silver
11.2%
Oral Roberts
11%
Corazon Aquino
10.3%
Jack Kemp
10.1%
Dom DiMaggio
8.6%
Chuck Daly
8.3%
Stephen Gately
7.5%
Jennifer Jones
7.3%
Mary Travers
6.9%
Paul Harvey
6.5%
James Whitmore
6.1%
Robert Novak
6%
Robert S. McNamara
5.1%
John Updike
4.9%
Patrick McGoohan
4.9%
Kim Dae-Jung
3.9%
Wayman Tisdale
3.7%
Frank McCourt
3.4%
Jim Carroll
1.4%
Merce Cunningham
0.9%

You're not logged in!

Compare scores with friends on all Sporcle quizzes.
OR
Log In

You Might Also Like...

Show Comments

Extras

Top Quizzes Today


Score Distribution

Your Account Isn't Verified!

In order to create a playlist on Sporcle, you need to verify the email address you used during registration. Go to your Sporcle Settings to finish the process.

Report this User

Report this user for behavior that violates our Community Guidelines.

Details: